Κατάλογος Βιβλιοθηκών Mediterranean College

Research Methods for Clinical Therapists / Applied Project Design and Analysis: Fourth Edition (Record no. 5765)

MARC details
000 -LEADER
fixed length control field 01507cam a22002054a 4500
005 - ΗΜΕΡΟΜΗΝΙΑ ΚΑΙ ΩΡΑ ΤΕΛΕΥΤΑΙΑΣ ΕΝΗΜΕΡΩΣΗΣ
Πεδίο ελέγχου 20250605164221.0
008 - FIXED-LENGTH DATA ELEMENTS--GENERAL INFORMATION
Πεδίο ελέγχου σταθερού μήκους 250528s ||||||||||||||||||||||||d
035 ## - SYSTEM CONTROL NUMBER
System control number 20679
020 ## - ISBN
ISBN 443074305
040 ## - ΠΗΓΗ ΚΑΤΑΛΟΓΟΓΡΑΦΗΣΗΣ
Φορέας πρωτότυπης καταλογογράφησης MC Athens Campus Library
Γλώσσα καταλογογράφησης Ελληνικά, Μοντέρνα (1453-)
Modifying agency MC Athens Campus Library
Κανόνες περιγραφικής καταλογογράφησης AACR2
245 1# - ΤΙΤΛΟΣ ΚΑΙ ΔΗΛΩΣΗ ΥΠΕΥΘΥΝΟΤΗΤΑΣ
Τίτλος Research Methods for Clinical Therapists / Applied Project Design and Analysis: Fourth Edition
250 ## - EDITION STATEMENT
Edition statement 4th
260 ## - PUBLICATION, DISTRIBUTION, ETC.
Name of publisher, distributor, etc. Churchill Livingstone,
Date of publication, distribution, etc. 2004
300 ## - PHYSICAL DESCRIPTION
Extent 340
520 ## - SUMMARY, ETC.
Summary, etc. This book focuses on how to set up a research project, following good design principles, and how to analyze and interpret the data, using various statistical techniques. Preface, Acknowledgements, Basic Principles of Research, Introduction, Research Design and Statistics: Some Basic Concepts, Questionnaires and Surveys and Sampling, The Nature of the Data, Techniques of Descriptive Statistics, Testing Hypotheses, Design Your Study, Sources of Error in Research, Matching the Research Design to the statistical Test, Putting the Theory Into Practice, Writing up the Research for Publication, Reading Published Research Critically, Statistical Tests, Non-Parametrics Tests for Same and Matched Subject Designs, Parametric Tests for Same and Matched Subject Designs, Non-Parametric Tests for Different (unrelated) Subject Designs, Estimation, Research Applications, Attitude Scales, Repertory Grid Analysis, The Delphi Technique, Appendices, Glossary, Index.
700 1# - ΠΡΟΣΘΕΤΗ ΑΝΑΓΡΑΦΗ--ΦΥΣΙΚΟ ΠΡΟΣΩΠΟ
Personal name Hicks Carolyn
9 (RLIN) 376
942 ## - ADDED ENTRY ELEMENTS (KOHA)
Koha item type Books
Holdings
Τύπος τεκμηρίου Βιβλιοθήκη Τρέχουσα τοποθεσία Barcode Αριθμός εισαγωγής Ημερομηνία απόκτησης Ταξιθετικό σύμβολο Αριθμός αντιτύπου Κατάσταση απόσυρσης Κατάσταση χαμένου Κατάσταση κατεστραμμένου Μη δανεισμός Σύνολο δανεισμών Ημερομηνία τελευταίας εμφάνισης Χρονολογία τελευταίου δανεισμού Η τιμή ισχύει από
Books MC Athens Campus Library MC Athens Campus Library 9780000057648 7279 05/06/2025 615.82072 HIC 1         1 27/10/2025 17/10/2025 05/06/2025

MC Athens Campus Library
Πατησίων 94 & Κοδριγκτώνος 13, 104 34
Πελλήνης 8 & Πατησίων 107, 112 51
Τ: +30 210 8899600

MC Thessaloniki Campus Library
Ίωνος Δραγούμη 21, 54625 | Ίωνος Δραγούμη 15, 54625
Τ: +30 2310 287779 – Τ: +30 2314 440300